Statistiques concernant Culture Générale - Série 834

Cliquez ici pour prendre le quiz!

Statistiques générales

  • Ce quiz a été pris 140 fois
  • Le résultat moyen est 9 sur 10

Statistiques - réponses

QuestionRéponse% Correct
A quel organe se rapporte l'adjectif "buccal" ?bouche
98%
Lequel des cinq sens est diminué chez une personne presbyte ?vue
97%
Qu'est-ce qui peut "tomber du ciel" quand il pleut à verse, ou être "pincées" sur une guitare ?cordes
95%
Quel pays se cache dans le mot "SIEURS" ?Russie
95%
Quel nom d'insecte à grandes pattes postérieures, dérive du verbe "sauter" ?sauterelle
95%
Quels organes humains peuvent être "enfoncés", "en boules de loto", ou "globuleux" ?yeux
95%
Complétez ce titre d'un roman d'Ira Levin paru en 1953 : "Un Baiser avant de...mourir
82%
Quel nom russe signifiant "chapeau" désigne un couvre-chef doublé de fourrure, avec un rabat couvrant la nuque et les oreilles ?chapka
78%
Harriet Beecher-Stowe a écrit "La case de ...l'oncle Tom
76%
Tous les ans, en mai, quelle commune de Camargue accueille de nombreux Gitans venus en pèlerinage ?Les Saintes-Maries-de-la-Mer
44%

Distribution des résultats

Percentile par nombre de réponses

% des personnes avec chaque résultat

Votre développement - résultats

Vous n’avez pas pris ce quiz